000 01242nam a2200217Ia 4500
003 Ost
005 20260507075640.0
008 260507s9999||||xx |||||||||||||| ||und||
040 _cfsecg
041 _aara
082 _a368
100 _aالهاشي، مختار
_eمؤلف
245 0 _aمقدمة في مبادئ التأمين :
_bبين النظرية والتطبيق /
_c مختار الهاشي
260 _aالإسكندرية:
_bالدار الجامعية,
_c2000
300 _a419 صفحة؛
_c24 سم
520 _aالخطر والتأمين ، الإطار العام للخطر التأمين كوسيلة لمواجهة الخطر ،الـتأمين نشأته وتطوره وأنواعه،أنواع هيئات التأمين ،المبادئ القانونية لعقد التأمين ،التأمين البحري ،تأمين السيارات ،تأمين احجروالوفاة والشيخوخة ، الإسراف والرقابة ،تأمين الحياة ، الأنواع والأسس الرياضية في حساب اقساطه
653 _aالتأمين
653 _aالخطر والـتأمين
700 _aحمودة، أبراهيم عبد النبي
_eمؤلف ثانوي
942 _cكتاب
999 _c45389
_d45389